| 000 | 00615nam a2200217Ia 4500 | ||
|---|---|---|---|
| 003 | OSt | ||
| 005 | 20240917123806.0 | ||
| 008 | 220927b |||||||| |||| 00| 0 eng d | ||
| 020 | _a0856649538 | ||
| 037 | _cTextual | ||
| 040 |
_aSDCL _cSDCL _beng |
||
| 041 |
_2eng _aeng |
||
| 082 | _aY:1x L9 | ||
| 100 |
_aBarrett, Michele Ed. _9511414 |
||
| 245 | 0 | _aIdeology and cultural production. | |
| 260 |
_c1979. _aLondon : _bCroom Helm, |
||
| 300 | _a246p. | ||
| 490 | _aExplorations in sociology | ||
| 942 |
_hY:1x L9 _cTEXL _2CC |
||
| 999 |
_c831662 _d831662 |
||